| 000 | 00463cam a2200193ua 4500 | ||
|---|---|---|---|
| 020 | _c8.00 | ||
| 041 |
_aeng _h |
||
| 082 |
_a624.18341 _bRAJ/RC |
||
| 100 | _aRajaraman, S . | ||
| 245 |
_aR.C.C designs / _cS Rajaraman. _hTextual Documents |
||
| 250 |
_a7 / _b. |
||
| 260 |
_aTrichur : _bNeo-saraswathi pri.works , _c1960. |
||
| 300 | _a208 ; . | ||
| 365 | _a8.00 | ||
| 504 | _a | ||
| 700 | 1 | _aDeshpande, D.L . | |
| 942 | _cBK | ||
| 999 |
_c2149 _d2149 |
||